<?xml version="1.0" encoding="UTF-8"?>
<collection xmlns="http://www.loc.gov/MARC21/slim">
 <record>
  <leader>01303nam a2200277   4500</leader>
  <controlfield tag="001">1/23438</controlfield>
  <controlfield tag="008">980209s1997    gr       d    00010 gre d</controlfield>
  <datafield tag="020" ind1=" " ind2=" ">
   <subfield code="a">0194311473</subfield>
  </datafield>
  <datafield tag="035" ind1=" " ind2=" ">
   <subfield code="l">25161</subfield>
  </datafield>
  <datafield tag="040" ind1=" " ind2=" ">
   <subfield code="a">GR-PeUP</subfield>
  </datafield>
  <datafield tag="082" ind1="0" ind2="0">
   <subfield code="a">423.89'03 ΣΤ</subfield>
  </datafield>
  <datafield tag="090" ind1=" " ind2=" ">
   <subfield code="a">R 423.89'03 ΣΤ</subfield>
  </datafield>
  <datafield tag="100" ind1="1" ind2=" ">
   <subfield code="a">Σταυρόπουλος, Δ. Ν.</subfield>
  </datafield>
  <datafield tag="245" ind1="1" ind2="0">
   <subfield code="a">Oxford English-Greek Learner's dictionary /</subfield>
   <subfield code="c">D. N. Stavropoupos. A. S. Hornby.</subfield>
  </datafield>
  <datafield tag="260" ind1=" " ind2=" ">
   <subfield code="a">Oxford:</subfield>
   <subfield code="b">Oxford Univercity Press,</subfield>
   <subfield code="c">1997.</subfield>
  </datafield>
  <datafield tag="300" ind1=" " ind2=" ">
   <subfield code="a">839 σ.;</subfield>
   <subfield code="c">22 εκ.</subfield>
  </datafield>
  <datafield tag="650" ind1=" " ind2="4">
   <subfield code="a">English language</subfield>
   <subfield code="x">Dictionaries</subfield>
   <subfield code="z">Greek.</subfield>
  </datafield>
  <datafield tag="700" ind1="1" ind2=" ">
   <subfield code="a">Hornby, A. S.</subfield>
  </datafield>
  <datafield tag="700" ind1="1" ind2=" ">
   <subfield code="a">Σταυρόπουλος, Γ.Ν,</subfield>
   <subfield code="e">επιμ.</subfield>
  </datafield>
  <datafield tag="852" ind1=" " ind2=" ">
   <subfield code="a">INST</subfield>
   <subfield code="b">UNIPILB</subfield>
   <subfield code="c">REF</subfield>
   <subfield code="e">20040722</subfield>
   <subfield code="h">423.89'03 ΣΤ</subfield>
   <subfield code="p">00125881</subfield>
   <subfield code="q">00125881</subfield>
   <subfield code="t">NOLOAN</subfield>
   <subfield code="y">13</subfield>
   <subfield code="4">4</subfield>
  </datafield>
  <datafield tag="852" ind1=" " ind2=" ">
   <subfield code="a">INST</subfield>
   <subfield code="b">UNIPILB</subfield>
   <subfield code="c">REF</subfield>
   <subfield code="e">20040722</subfield>
   <subfield code="h">423.89'03 ΣΤ</subfield>
   <subfield code="p">00125882</subfield>
   <subfield code="q">00125882</subfield>
   <subfield code="t">NOLOAN</subfield>
   <subfield code="y">4</subfield>
   <subfield code="x">20090817</subfield>
   <subfield code="4">1</subfield>
  </datafield>
  <datafield tag="852" ind1=" " ind2=" ">
   <subfield code="a">INST</subfield>
   <subfield code="b">UNIPILB</subfield>
   <subfield code="c">REF</subfield>
   <subfield code="e">20040722</subfield>
   <subfield code="h">423.89'03 ΣΤ</subfield>
   <subfield code="p">00127295</subfield>
   <subfield code="q">00127295</subfield>
   <subfield code="t">NOLOAN</subfield>
   <subfield code="y">13</subfield>
   <subfield code="4">2</subfield>
  </datafield>
  <datafield tag="852" ind1=" " ind2=" ">
   <subfield code="a">INST</subfield>
   <subfield code="b">UNIPILB</subfield>
   <subfield code="c">REF</subfield>
   <subfield code="e">20040722</subfield>
   <subfield code="h">423.89'03 ΣΤ</subfield>
   <subfield code="p">00127296</subfield>
   <subfield code="q">00127296</subfield>
   <subfield code="t">NOLOAN</subfield>
   <subfield code="y">13</subfield>
   <subfield code="4">6</subfield>
  </datafield>
  <datafield tag="852" ind1=" " ind2=" ">
   <subfield code="a">INST</subfield>
   <subfield code="b">UNIPILB</subfield>
   <subfield code="c">REF</subfield>
   <subfield code="e">20040722</subfield>
   <subfield code="h">423.89'03 ΣΤ</subfield>
   <subfield code="p">00127297</subfield>
   <subfield code="q">00127297</subfield>
   <subfield code="t">NOLOAN</subfield>
   <subfield code="y">23</subfield>
   <subfield code="4">3</subfield>
  </datafield>
  <datafield tag="852" ind1=" " ind2=" ">
   <subfield code="a">INST</subfield>
   <subfield code="b">UNIPILB</subfield>
   <subfield code="c">REF</subfield>
   <subfield code="e">20040722</subfield>
   <subfield code="h">423.89'03 ΣΤ</subfield>
   <subfield code="p">00127852</subfield>
   <subfield code="q">00127852</subfield>
   <subfield code="t">NOLOAN</subfield>
   <subfield code="y">23</subfield>
   <subfield code="4">5</subfield>
  </datafield>
  <datafield tag="852" ind1=" " ind2=" ">
   <subfield code="a">INST</subfield>
   <subfield code="b">UNIPILB</subfield>
   <subfield code="c">REF</subfield>
   <subfield code="e">20040722</subfield>
   <subfield code="h">423.89'03 ΣΤ</subfield>
   <subfield code="p">00127853</subfield>
   <subfield code="q">00127853</subfield>
   <subfield code="t">NOLOAN</subfield>
   <subfield code="y">23</subfield>
   <subfield code="4">7</subfield>
  </datafield>
 </record>
</collection>
